00493nam a2200145 i 4500001000300000100002400003245009900027260002200126700002700148040000800175041000800183080001700191008004100208856009800249bg1 aĆWIEKOWA, Jadwiga 0aPolskie biblioteki naukowe :bzarys problematyki /cJadwiga Ćwiekowa, Ryszard Przelaskowski. aWarzszawa,c1976.1 aPRZELASKOWSKI, Ryszard cBPK apol a021/027(438) s pl f |000 0 pol  uhttp://koha.tu.koszalin.pl/cgi-bin/koha/opac-detail.pl?biblionumber=27323yKatalog online BPK